000 02505naa a2200265 i 4500
001 2693
003 KOSZ 005
005 20180315113536.0
008 140711s2009 pl f |100 0
040 _cBPK
_dKOSZ 005/EG
080 _a664.7
080 _a631.563.9
100 1 _aDYMKOWSKA-MALESA, Maria.
_d2006 - .
_bPolitechnika Koszalińska - Wydział Mechaniczny,
_cKatedra Inżynierii Spożywczej i Tworzyw Sztucznych
245 1 0 _aBadanie wpływu czasu i warunków przechowywania na jakość mąki pszennej =
_bThe influence of time and storage conditions on the quality of wholemeal flour /
_cMonika Prądzyńska, Maria Dymkowska-Malesa, Agnieszka Plawgo.
246 3 1 _aThe influence of time and storage conditions on the quality of wholemeal flour
500 _aDane z autopsji.
520 _aCelem pracy było określenie wpływu czasu oraz warunków przechowywania na podstawowe wyróżniki jakości mąki. Przedstawiono badania nad wpływem ww. czynników na jakość mąki pszennej typ 750. Określono zmiany podstawowych parametrów: wilgotność, kwasowość, zawartość, elastyczność i rozpływalność glutenu oraz liczbę opadania. Mąkę przechowywano w warunkach domowych i w specjalnym magazynie od listopada do października kolejnego roku. W tym czasie co miesiąc określano jakość mąki. Czas i warunki przechowywania są istotnymi czynnikami wpływającymi na jakość przechowywanej mąki - wraz z upływem czasu cechy jakości mąki uległy pogorszeniu. Mąka przechowywana w warunkach domowych charakteryzowała się dobrymi cechami jakościowymi do 5-6 miesiąca, a w warunkach magazynowych do 8 miesiąca.
650 0 _aMąka pszenna.
655 0 _aMateriały konferencyjne.
711 2 2 _aKonferencja Studentów i Młodych Pracowników Nauki Wydziału Mechanicznego
_n(6 ;
_d2009 ;
_cKoszalin, Polska).
711 2 2 _aOgólnopolska Konferencja Studenckich Kół Naukowych Uczelni Technicznych
_n(2 ;
_d2009 ;
_cKoszalin, Polska).
773 0 _iW :
_tMateriały VI Konferencji Studentów i Młodych Pracowników Nauki Wydziału Mechanicznego oraz II Ogólnopolskiej Konferencji Studenckich Kół Naukowych Uczelni Technicznych : XXXI Tydzień Kultury Studenckiej / pod red. Marka Fligla, Leona Kukiełki. -
_dKoszalin : Wydaw. Uczelniane Politechniki Koszalińskiej, 2009. -
_gs. 267-276
700 _aSZPARAGA, Agnieszka.
_d2008 - .
_bPolitechnika Koszalińska - Wydział Mechaniczny,
_cKatedra Biochemii i Biotechnologii
942 _cROZ
_2UKD
999 _c2693
_d2693